|
|
|
|
| LEADER |
01005nam a2200253 u 4500 |
| 001 |
10024280 |
| 003 |
upatras |
| 005 |
20210117205841.0 |
| 008 |
980715s1997 uk eng |
| 020 |
|
|
|a 0521578825
|q (Χαρτόδετο)
|
| 040 |
|
|
|a GR-PaULI
|c GR-PaULI
|
| 041 |
0 |
|
|a eng
|
| 082 |
0 |
4 |
|a 531.015 15
|
| 100 |
1 |
|
|a McCauley, Joseph L.
|9 150517
|
| 245 |
1 |
0 |
|a Classical mechanics
|b transformations, flows, integrable and chaotic dynamics
|c Joseph L. McCauley
|
| 260 |
|
|
|a Cambridge
|b Cambridge University Press
|c 1997
|
| 300 |
|
|
|a xvii, 469 p.
|c 25 cm
|
| 505 |
1 |
|
|a Includes bibliography, index
|
| 650 |
|
4 |
|a Μηχανική, Αναλυτική
|9 2291
|
| 650 |
|
4 |
|9 245
|a Μηχανική
|
| 852 |
|
|
|a GR-PaULI
|b ΠΑΤΡΑ
|b ΦΥΣΙΚΟ
|k ΑΣΧΞ-1
|h 531.015 15 MCC
|m 006606
|p 025000147384
|t 1
|
| 942 |
|
|
|2 ddc
|c BK15
|
| 952 |
|
|
|0 0
|1 0
|4 0
|6 531_015000000000000_15_MCC
|7 0
|9 193374
|a PHYS
|b PHYS
|d 2016-04-24
|i 006606
|l 0
|o 531.015 15 MCC
|p 025000147384
|r 2016-04-24 00:00:00
|t 1
|w 2016-04-24
|y BK15
|
| 999 |
|
|
|c 118553
|d 118553
|